000
00271nam a22001337a 4500
082
_a
894
_b
CHA/H
100
_a
CHATHURVEDHI
100
_a
KUMAR
245
_a
HINDI NIBHANDH
260
_a
DELHI
_b
M. I PUBLICATIONS
300
_a
136
650
_a
ESSAY
_z
DELHI
942
_c
BK
999
_c
4446
_d
4446